<?xml version="1.0" encoding="UTF-8"?>
<record
    xmlns:xsi="http://www.w3.org/2001/XMLSchema-instance"
    xsi:schemaLocation="http://www.loc.gov/MARC21/slim http://www.loc.gov/standards/marcxml/schema/MARC21slim.xsd"
    xmlns="http://www.loc.gov/MARC21/slim">

  <leader>02117nam a2200373 i 4500</leader>
  <controlfield tag="001">000016001</controlfield>
  <controlfield tag="003">DO-SdBNP</controlfield>
  <controlfield tag="005">20250502073819.0</controlfield>
  <controlfield tag="006">a||||gr|||| 00| 0</controlfield>
  <controlfield tag="007">ta</controlfield>
  <controlfield tag="008">100223e1970    dr            001 0 spa d</controlfield>
  <datafield tag="040" ind1=" " ind2=" ">
    <subfield code="a">DO-SdBNP</subfield>
    <subfield code="b">spa</subfield>
    <subfield code="c">BNPHU</subfield>
    <subfield code="e">rda</subfield>
  </datafield>
  <datafield tag="082" ind1=" " ind2="4">
    <subfield code="a">352.34</subfield>
    <subfield code="b">J17p</subfield>
    <subfield code="2">22</subfield>
  </datafield>
  <datafield tag="100" ind1="1" ind2=" ">
    <subfield code="a">J&#xE1;come, Jos&#xE9; Mar&#xED;a</subfield>
    <subfield code="9">35943</subfield>
    <subfield code="e">autor</subfield>
  </datafield>
  <datafield tag="245" ind1="1" ind2="0">
    <subfield code="a">Planificaci&#xF3;n administrativa /</subfield>
    <subfield code="c">Jos&#xE9; Mar&#xED;a J&#xE1;come ; introducci&#xF3;n, Primitivo Santana Hirujo.</subfield>
  </datafield>
  <datafield tag="264" ind1=" " ind2=" ">
    <subfield code="a">Santo Domingo :</subfield>
    <subfield code="b">ONAP,</subfield>
    <subfield code="c">1970.</subfield>
  </datafield>
  <datafield tag="300" ind1=" " ind2=" ">
    <subfield code="a">100 p&#xE1;ginas ;</subfield>
    <subfield code="c">20 cm.</subfield>
  </datafield>
  <datafield tag="336" ind1=" " ind2=" ">
    <subfield code="2">rdacontent</subfield>
    <subfield code="a">texto</subfield>
    <subfield code="b">txt</subfield>
  </datafield>
  <datafield tag="337" ind1=" " ind2=" ">
    <subfield code="2">rdamedia</subfield>
    <subfield code="a">sin mediaci&#xF3;n</subfield>
    <subfield code="b">n</subfield>
  </datafield>
  <datafield tag="338" ind1=" " ind2=" ">
    <subfield code="2">rdacarrier</subfield>
    <subfield code="a">volumen</subfield>
    <subfield code="b">nc</subfield>
  </datafield>
  <datafield tag="490" ind1=" " ind2=" ">
    <subfield code="a">ONAP ;</subfield>
    <subfield code="v">31</subfield>
  </datafield>
  <datafield tag="504" ind1=" " ind2=" ">
    <subfield code="a">Incluye referencias bibliogr&#xE1;ficas y notas al pie de las p&#xE1;ginas.</subfield>
  </datafield>
  <datafield tag="505" ind1="0" ind2=" ">
    <subfield code="a">Pr&#xF3;logo /</subfield>
    <subfield code="r">Primitivo Santana Hirujo--</subfield>
    <subfield code="t">I.- La planificaci&#xF3;n econ&#xF3;mica y la planificaci&#xF3;n administrativa --</subfield>
    <subfield code="t">Los objetivos de la planificaci&#xF3;n administrativa --</subfield>
    <subfield code="t">La aceptaci&#xF3;n de un proceso nuevo --</subfield>
    <subfield code="t">La estrategia de la planificaci&#xF3;n administrativa --</subfield>
    <subfield code="t">La metodolog&#xED;a --</subfield>
    <subfield code="t">Los recursos --</subfield>
    <subfield code="t">Aspectos de la planificaci&#xF3;n administrativa en Am&#xE9;rica Latina --</subfield>
    <subfield code="t">II.- La planificaci&#xF3;n, una reforma administrativa importante --</subfield>
    <subfield code="t">El desarrollo de la planificaci&#xF3;n nacional, regional y local --</subfield>
    <subfield code="t">La planificaci&#xF3;n nacional --</subfield>
    <subfield code="t">La planificaci&#xF3;n regional --</subfield>
    <subfield code="t">La planificaci&#xF3;n municipal --</subfield>
    <subfield code="t">La integraci&#xF3;n de la planificaci&#xF3;n nacional, regional y municipal.</subfield>
  </datafield>
  <datafield tag="590" ind1=" " ind2=" ">
    <subfield code="a">Inventariado, 2024 / MF</subfield>
  </datafield>
  <datafield tag="650" ind1=" " ind2="4">
    <subfield code="a">Planificaci&#xF3;n</subfield>
    <subfield code="v">Ensayos, Conferencias, etc..</subfield>
    <subfield code="9">35903</subfield>
  </datafield>
  <datafield tag="650" ind1=" " ind2="4">
    <subfield code="a">Administraci&#xF3;n</subfield>
    <subfield code="v">Ensayos, Conferencias, etc..</subfield>
    <subfield code="9">35904</subfield>
  </datafield>
  <datafield tag="650" ind1=" " ind2="4">
    <subfield code="a">Administraci&#xF3;n p&#xFA;blica</subfield>
    <subfield code="v">Ensayos, Conferencias, etc..</subfield>
    <subfield code="9">35905</subfield>
  </datafield>
  <datafield tag="650" ind1=" " ind2="4">
    <subfield code="a">Administraci&#xF3;n p&#xFA;blica</subfield>
    <subfield code="v">Ensayos, Conferencias, etc..</subfield>
    <subfield code="9">35905</subfield>
  </datafield>
  <datafield tag="651" ind1=" " ind2="4">
    <subfield code="a">Rep&#xFA;blica Dominicana</subfield>
    <subfield code="x">Pol&#xED;tica y Gobierno</subfield>
    <subfield code="v">Ensayos, Conferencias, etc..</subfield>
    <subfield code="9">205</subfield>
  </datafield>
  <datafield tag="700" ind1="1" ind2=" ">
    <subfield code="a">Santana Hirujo, Primitivo,</subfield>
    <subfield code="e">pr&#xF3;logo</subfield>
    <subfield code="9">35944</subfield>
  </datafield>
  <datafield tag="710" ind1="1" ind2=" ">
    <subfield code="a">Rep&#xFA;blica Dominicana.</subfield>
    <subfield code="b">Oficina Nacional de Administraci&#xF3;n y Personal </subfield>
    <subfield code="9">26398</subfield>
  </datafield>
  <datafield tag="910" ind1=" " ind2=" ">
    <subfield code="a">Validado. Control de calidad MFF</subfield>
  </datafield>
  <datafield tag="942" ind1=" " ind2=" ">
    <subfield code="2">ddc</subfield>
    <subfield code="c">LBS1</subfield>
  </datafield>
  <datafield tag="952" ind1=" " ind2=" ">
    <subfield code="0">0</subfield>
    <subfield code="1">0</subfield>
    <subfield code="2">ddc</subfield>
    <subfield code="5">1</subfield>
    <subfield code="7">0</subfield>
    <subfield code="8">PD</subfield>
    <subfield code="a">BNPHU</subfield>
    <subfield code="b">BNPHU</subfield>
    <subfield code="c">HD</subfield>
    <subfield code="d">2010-02-23</subfield>
    <subfield code="l">0</subfield>
    <subfield code="o">BNPHU PD 352.34 J17p</subfield>
    <subfield code="p">16001-10</subfield>
    <subfield code="r">2020-06-25</subfield>
    <subfield code="w">2020-06-25</subfield>
    <subfield code="y">LBS1</subfield>
    <subfield code="Z">No se presta</subfield>
  </datafield>
  <datafield tag="952" ind1=" " ind2=" ">
    <subfield code="0">0</subfield>
    <subfield code="1">0</subfield>
    <subfield code="2">ddc</subfield>
    <subfield code="5">1</subfield>
    <subfield code="7">0</subfield>
    <subfield code="8">PD</subfield>
    <subfield code="a">BNPHU</subfield>
    <subfield code="b">BNPHU</subfield>
    <subfield code="c">HD</subfield>
    <subfield code="d">2010-05-25</subfield>
    <subfield code="l">0</subfield>
    <subfield code="o">BNPHU PD 352.34 J17p</subfield>
    <subfield code="p">16001-20</subfield>
    <subfield code="r">2020-06-25</subfield>
    <subfield code="t">e. 2</subfield>
    <subfield code="w">2020-06-25</subfield>
    <subfield code="y">LBS1</subfield>
    <subfield code="Z">No se presta</subfield>
  </datafield>
  <datafield tag="999" ind1=" " ind2=" ">
    <subfield code="c">15543</subfield>
    <subfield code="d">15543</subfield>
  </datafield>
</record>
